<?xml version="1.0" encoding="UTF-8"?>
<record
    xmlns:xsi="http://www.w3.org/2001/XMLSchema-instance"
    xsi:schemaLocation="http://www.loc.gov/MARC21/slim http://www.loc.gov/standards/marcxml/schema/MARC21slim.xsd"
    xmlns="http://www.loc.gov/MARC21/slim">

  <leader>00960cam1a220021700 4500</leader>
  <controlfield tag="001">tmp15752907</controlfield>
  <controlfield tag="003">UPRA</controlfield>
  <controlfield tag="005">20190816104828.0</controlfield>
  <controlfield tag="008">951020s1963    rh                  eng u</controlfield>
  <datafield tag="035" ind1=" " ind2=" ">
    <subfield code="a">(Sirsi) r40603</subfield>
  </datafield>
  <datafield tag="035" ind1=" " ind2=" ">
    <subfield code="a">(UPRA)tmp15752907</subfield>
  </datafield>
  <datafield tag="040" ind1=" " ind2=" ">
    <subfield code="c">UPRA</subfield>
  </datafield>
  <datafield tag="110" ind1="2" ind2=" ">
    <subfield code="b">Rhodesion Selection Trust Group.</subfield>
    <subfield code="6">A101351.1</subfield>
  </datafield>
  <datafield tag="245" ind1="1" ind2="0">
    <subfield code="a">Preliminary study of the application on a large scale of the polder system of agriculture developed from the experience gained on the Kafue Pilot Polder, Kafue Flats, Northern Rhodesia.</subfield>
  </datafield>
  <datafield tag="260" ind1=" " ind2=" ">
    <subfield code="a">Salisbury :</subfield>
    <subfield code="b">Trust Group,</subfield>
    <subfield code="c">1963.</subfield>
  </datafield>
  <datafield tag="650" ind1=" " ind2="0">
    <subfield code="a">Agriculture -- Zambia -- Kafue Flats.</subfield>
    <subfield code="z">Agriculture -- Zambia -- Kafue Flats.</subfield>
    <subfield code="z">Agriculture -- Zambia -- Kafue Flats.</subfield>
    <subfield code="6">S73189.1</subfield>
  </datafield>
  <datafield tag="650" ind1=" " ind2="0">
    <subfield code="a">Polders -- Zambia -- Kafue Flats.</subfield>
    <subfield code="z">Polders -- Zambia -- Kafue Flats.</subfield>
    <subfield code="z">Polders -- Zambia -- Kafue Flats.</subfield>
    <subfield code="6">S73190.1</subfield>
  </datafield>
  <datafield tag="651" ind1=" " ind2="0">
    <subfield code="a">Kafue flats.</subfield>
    <subfield code="6">S36976.1</subfield>
  </datafield>
  <datafield tag="949" ind1=" " ind2=" ">
    <subfield code="a">S621</subfield>
    <subfield code="w">lcc</subfield>
    <subfield code="i">-49341</subfield>
    <subfield code="m">MAIN</subfield>
    <subfield code="t">BOOK</subfield>
    <subfield code="l">ON-SHELF</subfield>
  </datafield>
  <controlfield tag="004">40603</controlfield>
  <datafield tag="999" ind1=" " ind2=" ">
    <subfield code="c">88859</subfield>
    <subfield code="d">88859</subfield>
  </datafield>
</record>
